Visualizzazione normale
Vista MARC
- Caravina, Lucas
di Personal Name
Records bibliografici associati: 1
001 - CONTROL NUMBER
- control field: 756
003 - CONTROL NUMBER IDENTIFIER
- control field: IT-RoPau
005 - DATE AND TIME OF LATEST TRANSACTION
- control field: 20130627110245.0
008 - FIXED-LENGTH DATA ELEMENTS
- fixed length control field: 130627|| aca||aabn | a|a d
040 ## - CATALOGING SOURCE
- Original cataloging agency: IT-RoPau
- Transcribing agency: IT-RoPau
100 ## - HEADING--PERSONAL NAME
- Personal name: Caravina, Lucas
670 ## - SOURCE DATA FOUND
- Source citation: Work cat.: (IT-RoPau)2961: Caravina, Lucas , Orações do Padre Lucas, 1992